00376 a2200109 4500001001000000005001700010008004100027245009300068100002700161773006100188999001700249ART_4639720260410162027.0260409a 10aUn claro freno a la utilización indebida de las herramientas procesales de excepción1 aAlmada, Sebastián E.0 tTemas de derecho procesalg- N° 6 (jun. 2018)wREV44095 c33619d33619